00407nam a2200157Ia 4500003000400000005001700004008004000021020001500061040000700076041000800083082001600091100002500107245005100132260005300183300001300236OSt20250721115242.0210210b2002 xxu||||| |||| 00| 0 eng d a8123908318 cAL aeng a664.07 NIEI aSuzanne S Nielsen Ed aIntroduction to the chemical analysis of foods aNew DelhibCBS Publishers and Distributorsc2002 axiv,530p